<?xml version="1.0" encoding="UTF-8"?>
<record
    xmlns:xsi="http://www.w3.org/2001/XMLSchema-instance"
    xsi:schemaLocation="http://www.loc.gov/MARC21/slim http://www.loc.gov/standards/marcxml/schema/MARC21slim.xsd"
    xmlns="http://www.loc.gov/MARC21/slim">

  <leader>04018nam a2200313 a 4500</leader>
  <controlfield tag="003">OSt</controlfield>
  <controlfield tag="005">20250922091636.0</controlfield>
  <controlfield tag="007">cr ||||||a|a|a</controlfield>
  <controlfield tag="008">250818s2025    mx a|||fom||| 001 0 spa d</controlfield>
  <datafield tag="040" ind1=" " ind2=" ">
    <subfield code="e">rda</subfield>
  </datafield>
  <datafield tag="100" ind1="1" ind2=" ">
    <subfield code="a">Chico Luna, Adriel</subfield>
    <subfield code="9">190950</subfield>
  </datafield>
  <datafield tag="245" ind1="1" ind2="0">
    <subfield code="a">Identificaci&#xF3;n de moscas de la fruta  (Diptera: Tephritidae) en frutales del g&#xE9;nero  Prunus y Juglans regia (Nuez de castilla) en Nealtican, Puebla /</subfield>
    <subfield code="c">por Adriel Chico Luna; director de tesis Candelario Santill&#xE1;n Ortega; secretario Juan Lorenzo Medina Pitalua; vocal Santos Gerardo Leyva Mir; suplente Jaime Alfredo Urzua Gutierrez; suplente Calixto Leopoldo Carrillo Fonseca.</subfield>
  </datafield>
  <datafield tag="264" ind1=" " ind2="1">
    <subfield code="a">Chapingo, M&#xE9;xico :</subfield>
    <subfield code="b">El autor,</subfield>
    <subfield code="c">2025.</subfield>
  </datafield>
  <datafield tag="300" ind1=" " ind2=" ">
    <subfield code="a">1 recurso en l&#xED;nea (87 p&#xE1;ginas):</subfield>
    <subfield code="b">cuadros, figuras.</subfield>
  </datafield>
  <datafield tag="336" ind1=" " ind2=" ">
    <subfield code="2">rdacontent</subfield>
    <subfield code="a">texto</subfield>
    <subfield code="b">txt</subfield>
  </datafield>
  <datafield tag="337" ind1=" " ind2=" ">
    <subfield code="2">rdamedia</subfield>
    <subfield code="a">computadora</subfield>
    <subfield code="b">c</subfield>
  </datafield>
  <datafield tag="338" ind1=" " ind2=" ">
    <subfield code="2">rdacarrier</subfield>
    <subfield code="a">recurso en l&#xED;nea</subfield>
    <subfield code="b">cr</subfield>
  </datafield>
  <datafield tag="502" ind1=" " ind2=" ">
    <subfield code="b">IAEPA</subfield>
    <subfield code="c">Parasitolog&#xED;a</subfield>
    <subfield code="d">2025.</subfield>
    <subfield code="g">LIC</subfield>
  </datafield>
  <datafield tag="504" ind1=" " ind2=" ">
    <subfield code="a">Incluye referencias bibliogr&#xE1;ficas:74-76 p&#xE1;ginas .</subfield>
  </datafield>
  <datafield tag="520" ind1=" " ind2=" ">
    <subfield code="a">La familia Tephritidae mejor conocidas como moscas de la fruta son de gran importancia ya que causan mermas en la producci&#xF3;n de diversos frutales; y la mayor&#xED;a de estas moscas tienen un amplio rango de hospedantes tanto primarios como secundarios. En M&#xE9;xico las especies que se han reportado son moscas del g&#xE9;nero Anastrepha y Rhagoletis; y en el sur del pa&#xED;s cerca de la frontera con Guatemala hay presencia de Ceratitis capitata la cual se encuentra bajo control y erradicaci&#xF3;n mediante el programa mosca del mediterr&#xE1;neo. Los frutales del g&#xE9;nero Prunus com&#xFA;nmente llamados frutos de hueso son de clima templado ya que en su mayor&#xED;a necesitan de horas fr&#xED;o. Los frutales de este g&#xE9;nero presentes en el municipio de Nealtican son el capul&#xED;n, durazno, chabacano y ciruela; los cuales tienen su fase de fructificaci&#xF3;n de mayo a julio. Anteriormente estos frutos ten&#xED;an gran importancia en Nealtican, que lleg&#xF3; a ser primer productor de chabacano en el estado de Puebla. El nogal de castilla tiene importancia en la zona, es frecuentemente utilizado en fresco para la temporada de chiles en nogada en el mes de agosto; ya que es el ingrediente principal para la nogada. La identificaci&#xF3;n de moscas de la futa sirve para detectar la presencia de alguna especie de importancia cuarentenaria, as&#xED; como conocer que especies est&#xE1;n presentes y evaluar si tiene una baja o alta prevalencia para aplicar las medidas fitosanitarias correspondientes en cada caso. El estudio se llev&#xF3; a cabo en Nealtican, Puebla del 06 de mayo al 29 de julio de 2023 con la finalidad de identificar las especies presentes y evaluar la prevalencia mediante el n&#xFA;mero de moscas por trampa por d&#xED;a (MTD) de cada especie; para ello se establecieron 47 trampas artesanales con el mismo principio de las trampas McPhail ubicadas en ocho huertos frutales, se utiliz&#xF3; prote&#xED;na hidrolizada CeraTrap&#xAE; como atrayente. La revisi&#xF3;n se hizo cada siete d&#xED;as para recolectar los espec&#xED;menes capturados, se preservaron en alcohol al 70% e identificaron en el laboratorio mediante claves taxon&#xF3;micas. Se encontraron cuatro especies, dos del g&#xE9;nero Anastrepha y dos del g&#xE9;nero Rhagoletis. Con mayor presencia R. zoqui con el 90.19%, R. cingulata con el 6.79%, A. obliqua con el 2.64% y A. ludens con el 0.38%. La semana con mayor captura fue la semana seis con 71 moscas; la trampa que m&#xE1;s capturo fue la trampa 13 con 190 moscas, ubicada en el huerto n&#xFA;mero dos.</subfield>
  </datafield>
  <datafield tag="650" ind1=" " ind2="4">
    <subfield code="a">Mosca de la fruta</subfield>
    <subfield code="x">Identificaci&#xF3;n</subfield>
    <subfield code="9">136458</subfield>
  </datafield>
  <datafield tag="700" ind1="1" ind2=" ">
    <subfield code="a">Santill&#xE1;n Ortega, Candelario</subfield>
    <subfield code="9">102429</subfield>
    <subfield code="e">director.</subfield>
  </datafield>
  <datafield tag="700" ind1="1" ind2=" ">
    <subfield code="a">Medina Pital&#xFA;a, Juan Lorenzo</subfield>
    <subfield code="9">74013</subfield>
    <subfield code="e">secretario.</subfield>
  </datafield>
  <datafield tag="700" ind1="1" ind2=" ">
    <subfield code="a">Leyva Mir, Santos Gerardo</subfield>
    <subfield code="9">66581</subfield>
    <subfield code="e">vocal.</subfield>
  </datafield>
  <datafield tag="700" ind1="1" ind2=" ">
    <subfield code="a">Urz&#xFA;a Guti&#xE9;rrez, Jaime Alfredo</subfield>
    <subfield code="9">117018</subfield>
    <subfield code="e">suplente.</subfield>
  </datafield>
  <datafield tag="700" ind1="1" ind2=" ">
    <subfield code="a">Carrillo Fonseca, Calixto Leopoldo</subfield>
    <subfield code="9">19482</subfield>
    <subfield code="e">suplente.</subfield>
  </datafield>
  <datafield tag="856" ind1=" " ind2=" ">
    <subfield code="u">http://10.13.5.2/tesis/tl/1610442-2_CHICO_LUNA_ADRIEL.pdf</subfield>
    <subfield code="z">DESCARGAR PDF</subfield>
  </datafield>
  <datafield tag="942" ind1=" " ind2=" ">
    <subfield code="2">Clasificaci&#xF3;n Universidad Aut&#xF3;noma Chapingo</subfield>
    <subfield code="c">TD</subfield>
  </datafield>
  <datafield tag="999" ind1=" " ind2=" ">
    <subfield code="c">220821</subfield>
    <subfield code="d">220821</subfield>
  </datafield>
  <datafield tag="952" ind1=" " ind2=" ">
    <subfield code="0">0</subfield>
    <subfield code="1">0</subfield>
    <subfield code="2">local</subfield>
    <subfield code="4">0</subfield>
    <subfield code="5">1</subfield>
    <subfield code="7">0</subfield>
    <subfield code="8">TesDigL</subfield>
    <subfield code="a">BD</subfield>
    <subfield code="b">BD</subfield>
    <subfield code="c">E_L</subfield>
    <subfield code="d">2025-08-18</subfield>
    <subfield code="l">0</subfield>
    <subfield code="o">Tesis digital</subfield>
    <subfield code="r">2025-08-18 10:00:09</subfield>
    <subfield code="w">2025-08-18</subfield>
    <subfield code="y">TD</subfield>
  </datafield>
</record>
